000 00689nas a2200241 4500
001 BR7305334
003 BR-BrBNA
005 20231205082520.0
007 ta
008 230509b bl.|||p| |||| 00| 00por d
040 _aBR-BrBNA
_bpor
_cBiblioteca Nacional de Agricultura
041 _a(Pt)
072 _aL72
100 1 _aAnon.
245 1 _aOvinos sao muito sujeitos ao ataque de bronquites verminosas [caprino]
650 _aOVINO
650 _aCAPRINO
650 _aVERMINOSE
650 _aBRONQUITE
773 0 _tAgricultura e Pecuaria (Brazil)
_xISSN 0100-249X
_g(Dec 1976), (no. 615) p. 20-21
_wBR7305334
909 _a202311
_bLúcia
_c55
_dLúcia Elande
942 _2AGRIS
_n0
_cANA
999 _c92468
_d92468